000 00415cam a2200169ua 4500
020 _c1.75
041 _amal
_h
082 _a894.8122
_bAES/PR
100 _aAeschylus, .
245 _aPrometheus /
_cAeschylus.
_hTextual Documents
260 _aKottayam :
_bSahitya Pravarthaka Co-operative Society ,
_c1957.
300 _a89 ; .
365 _a1.75
504 _a
942 _cBK
999 _c6254
_d6254